00435nam a22001457a 4500003000500000038001100005082001800016100002200034245004800056260006800104300001300172500001500185880004300200880004600243NUST awaseem a891.4308bFAI aSajida Iqbal Syed aMah-e-Noo Bayaede Fiaz /cSajida Iqbal Syed aLahore :bDirectorate General Of Films and Publications,c2008. a376 p. ; aHardcover. 6100-01\raساجدہ اقبال سید 6245-02\raماہ نو بیادِ فیض /